|
|
|
|
| LEADER |
00000cas a2200000 a 4500 |
| 001 |
vtls008883400 |
| 003 |
SK-MaSNL |
| 005 |
20260228162144.0 |
| 008 |
021011c19731990xr qr p|r 0 0 b0czeoc |
| 022 |
|
|
|a 0231-6749
|
| 035 |
|
|
|a (SVKBB03)vtls000130677
|
| 040 |
|
|
|a SVKBB
|b slo
|c SVKBB
|d SNK
|e AACR2
|
| 041 |
0 |
|
|a cze
|
| 044 |
|
|
|a xr
|c CZ
|
| 072 |
|
7 |
|a 796
|x Šport. Hry. Telesné cvičenia
|2 konspekt
|
| 072 |
|
7 |
|a 616
|x Patológia. Klinická medicína
|2 konspekt
|
| 080 |
|
|
|a 37.016:796/799
|2 2011
|
| 080 |
|
|
|a 050
|2 2011
|
| 080 |
|
|
|a 616-051
|2 2011
|
| 080 |
|
|
|a (051)-048.55
|2 2011
|
| 210 |
0 |
|
|a Lék. těles. výchova
|
| 222 |
|
0 |
|a Lékař a tělesná výchova
|
| 245 |
0 |
0 |
|a Lékař a tělesná výchova
|b zpravodaj zdravotnické rady
|
| 260 |
|
|
|a Praha
|b Olympia
|c 1973-1990
|
| 300 |
|
|
|a 18 zv.
|c 29 cm
|
| 310 |
|
|
|a 4x ročne
|
| 362 |
0 |
|
|a Č. 1 (1973)-č. 4 (1990)
|
| 550 |
|
|
|a Vydáva: Zdravotnická rada ÚV ČSTV
|
| 650 |
0 |
7 |
|a telesná výchova
|2 SNKPH
|9 708
|
| 650 |
0 |
7 |
|a lekári
|2 SNKPH
|9 3195
|
| 655 |
|
7 |
|a špecializované časopisy
|2 SNKPH
|9 70509
|
| 910 |
|
|
|a snk
|
| 999 |
|
|
|c 6964
|d 8894
|
| 952 |
|
|
|0 0
|1 1
|4 0
|7 0
|a SNK
|b SNK
|d 2000-07-14
|l 0
|o snkČB 3994/1979
|p 17A0245692
|r 2005-01-02 00:00:00
|t č. 1-4
|w 2026-02-21
|y PREZ
|
| 952 |
|
|
|0 0
|1 1
|4 0
|7 0
|a SNK
|b SNK
|d 2008-03-11
|i snkČIP 2997/81
|l 0
|o snkČB 3994/17/1989
|p 17A0579008
|r 2026-02-21 20:16:04
|t č. 1-4
|w 2026-02-21
|y PREZ
|
| 952 |
|
|
|0 0
|1 1
|4 0
|7 0
|a SNK
|b SNK
|d 2000-07-14
|l 0
|o snkČB 3994/1977
|p 17A0245623
|r 2005-01-02 00:00:00
|t č. 1-4
|w 2026-02-21
|y PREZ
|
| 952 |
|
|
|0 0
|1 1
|4 0
|7 0
|a SNK
|b SNK
|d 2000-07-14
|l 0
|o snkČB 3994/1980
|p 17A0245697
|r 2005-01-02 00:00:00
|t č. 1-4
|w 2026-02-21
|y PREZ
|
| 952 |
|
|
|0 0
|1 1
|4 0
|7 0
|a SNK
|b SNK
|d 2008-03-11
|i snkČIP 3911/89
|l 0
|o snkČB 3994/1987
|p 17A0579011
|r 2026-02-21 20:49:04
|t č. 1-4
|w 2026-02-21
|y PREZ
|
| 952 |
|
|
|0 0
|1 1
|4 0
|7 0
|a SNK
|b SNK
|d 2008-03-11
|i snkČIP 3829/86
|l 0
|o snkČB 3994/1984
|p 17A0579063
|r 2026-02-21 20:49:04
|t č. 1-4
|w 2026-02-21
|y PREZ
|
| 952 |
|
|
|0 0
|1 0
|4 0
|7 0
|a SNK
|b SNK
|d 2018-09-28
|i snkČIP 2995/91
|l 0
|o snkČB 3994/16/1988
|p 17A1154234
|r 2026-02-21 21:41:23
|t č. 1-4
|w 2026-02-21
|y PREZ
|